000 00791cam a2200253 a 4500
001 000010091
005 20200929161835.0
008 930628s1992 ck 000 0 spa
020 _a9586121089
040 _aDO-SdBNP
_bspa
_cLC
_dBNPHU
082 _aC862.44
_bD542s
100 1 _aDíaz Vargas, Henry,
_d1948-
_925075
245 1 3 _aLa sangre más transparente /
_cHenry Díaz Vargas.
260 _aSantafé de Bogotá :
_bColcultura,
_c1992.
300 _a84 p. ;
_c21 cm.
490 1 _aPremios Nacionales '92.
490 1 _aLiteratura
586 _aPremio Nacional de Literatura 1992.
650 4 _aTeatro colombiano
_99025
650 4 _aLiteratura colombiana
_91244
830 0 _aPremios Nacionales '92.
_pLiteratura
_98678
910 _aCatalogación por copia / LC
049 _aBNGR
999 _c9850
_d9850